000 00792nam1a22002171i 4500
001 rc\2993427
005 20240725224606.0
035 _a(NLR Aleph) 007137302
090 _a7019810
_c7019810
100 _a20080306d1935 |||y0rusy50 ca
101 0 _arus
102 _aRU
105 _ay z ||||y
200 1 _aРуководство по обслуживанию Брюннских турбин 16000 квт.
_eЧ. I-
_fинж. К.Ф. Грингоф
_gШатурск. ГЭС им. В.И. Ленина
210 _aМосква
_cБ. и.
_d1935
_g8 тип. "Мособлполиграфа"
215 _d23х15 см
700 1 _aГрингоф
_bК.Ф.
_gКонстантин Фаддеевич
801 0 _aRU
_bNLR
_gpsbo
801 1 _aRU
_bELAR
_2rusmarc
852 _aNLR
_j35-18/57(1)
942 _cBOOK